000 00453nam a2200157 a 4500
001 000036288
005 20200930075641.0
008 120112s1980 fr 000 f spa d
040 _aDO-SdBNP
_bspa
_cBNPHU
100 1 _aSallenave, Daniele
_962414
245 1 4 _aLes portes de Gubbio /
_cDaniele Sallenave.
260 _aParĂ­s :
_bHachette,
_c1980.
300 _a308 p. ;
_c21 cm.
650 2 4 _aNovela francesa
_91075
650 2 4 _aLiteratura francesa
_91074
999 _c35779
_d35779